| 000 | 00428nam a2200181Ia 4500 | ||
|---|---|---|---|
| 001 | 8974 | ||
| 005 | 20260306160649.0 | ||
| 008 | 260306t2014||||xx |||||||||||||| ||spa|| | ||
| 041 | _aESP | ||
| 082 |
_a372.21 _bB81 |
||
| 100 |
_aBravo, Mercedes _eAUT |
||
| 245 | 0 | _aLa educación temprana de 3 a 7 años | |
| 260 | _c2014 | ||
| 300 |
_a187 páginas : _c30 cm. |
||
| 650 | _aGEN | ||
| 654 | _aCED | ||
| 942 |
_cLIB _dJUS _fJUS _2ddc _n |
||
| 999 |
_c8974 _d8974 |
||